000 00817nab a2200253 u 4500
001 15354
003 HDC
007 cr bn ---aaaaa
008 210218c my dr|nes 0 |0eng
040 _aHDC
100 _aMuby Asger,
_eauthor
_915604
245 0 _aDubai tops halal-friendly shopping destinations /
_cby Muby Asger
260 _aDubai :
_bAl Nisr Publishing,
_c2012
336 _atext
_2rdacontent
337 _acomputer
_2rdamedia
338 _aonline resource
_2rdacarrier
650 _aHalal industry
_9144
650 _aTourism
_9880
710 _aGulfnews.com
856 _zRequest full-text at [email protected]
942 _2lcc
942 _cNEWS
942 _kNWSO 004655
999 _c12670
_d12670